[Event "14th OIBM"]
[Site "Bad Wiessee GER"]
[Date "2010.10.30"]
[Round "1.26"]
[White "Schneider,Il"]
[Black "Stuhler,J"]
[Result "1-0"]
[WhiteElo "2519"]
[BlackElo "1995"]

1.d4 d6 2.e4 Nf6 3.Nc3 e5 4.dxe5 dxe5 5.Qxd8+ Kxd8 6.Bg5 Be6 7.O-O-O+ Nd7
8.g3 h6 9.Bxf6+ gxf6 10.f4 exf4 11.gxf4 f5 12.Bh3 Bc5 13.exf5 Bc4 14.b3 Ba6
15.f6 Bd6 16.Ne4 Bxf4+ 17.Kb1 Bb5 18.Ne2 Bd6 19.Nd4 Ba6 20.Nf5  1-0

[Event "CONPET Cup 2010"]
[Site "Ploiesti ROU"]
[Date "2010.10.30"]
[Round "6.2"]
[White "Manole,S"]
[Black "Miroiu,G"]
[Result "1/2-1/2"]
[WhiteElo "2032"]
[BlackElo "2219"]

1.e4 d6 2.d4 Nf6 3.Nc3 e5 4.dxe5 dxe5 5.Qxd8+ Kxd8 6.Nf3 Bd6 7.Bg5 c6 8.O-O-O Ke7
9.Bc4 Bc7 10.Nh4 g6 11.f4 h6 12.Bxf6+ Kxf6 13.fxe5+ Ke7 14.Rhf1 Rf8 15.e6 Bxe6
16.Bxe6 Kxe6 17.Nxg6 Rg8 18.Nf4+ Bxf4+ 19.Rxf4 Rxg2 20.Rdf1 Nd7 21.Rxf7 Rxh2
22.Rg7 Ne5 23.Rxb7 Rg8 24.Na4 Rgg2 25.c3 Re2 26.Nc5+ Kd6 27.b4 Rc2+ 28.Kb1 Rb2+  1/2-1/2

[Event "Chigorin Mem Classic Open"]
[Site "St Petersburg RUS"]
[Date "2010.10.30"]
[Round "3"]
[White "Rjabzev,K"]
[Black "Androsov,S"]
[Result "1/2-1/2"]
[WhiteElo "2294"]
[BlackElo "2088"]

1.e4 d6 2.d4 Nf6 3.Nc3 Nbd7 4.Be3 c6 5.g4 h6 6.f3 e5 7.Qd2 Be7 8.Nge2 Qa5
9.Ng3 Nf8 10.O-O-O exd4 11.Bxd4 Be6 12.Nf5 Bxf5 13.gxf5 b5 14.Rg1 Rg8 15.Kb1 N8d7
16.Nd5 Qxd2 17.Nxf6+ Bxf6 18.Rxd2 Bxd4 19.Rxd4 Ke7 20.f4 g6 21.fxg6 Rxg6
22.Rxg6 fxg6 23.Bh3 Nb6 24.f5 Rg8 25.f6+ Kxf6 26.Rxd6+ Ke5 27.Re6+ Kf4 28.b3 c5
29.Bg2 Rg7 30.Rc6 c4 31.Kb2 cxb3 32.axb3 h5 33.c4 bxc4 34.bxc4 g5 35.Kc3 Rb7
36.c5 Na4+ 37.Kc4 Ke5 38.Rg6 Nb2+ 39.Kc3 Na4+ 40.Kc4 Nb2+  1/2-1/2

[Event "16th Venetian Chess Autumn"]
[Site "Venice ITA"]
[Date "2010.10.30"]
[Round "1.14"]
[White "Bianchi,An"]
[Black "Gabassi,F"]
[Result "0-1"]
[WhiteElo "2148"]
[BlackElo "1885"]

1.e4 d6 2.d4 Nf6 3.Nc3 e5 4.dxe5 dxe5 5.Qxd8+ Kxd8 6.Bg5 Be6 7.Bxf6+ gxf6
8.O-O-O+ Nd7 9.Nf3 c6 10.a3 b5 11.Nd2 a5 12.a4 b4 13.Ne2 Bh6 14.b3 Kc7 15.g3 Bg4
16.Kb1 Bxd2 17.Rxd2 Bf3 18.Rg1 Nc5 19.Bh3 Rad8 20.Rxd8 Rxd8 21.Nc1 Rd2 22.Bf5 Rxf2
23.Bxh7 Rxh2 24.Rf1 Rxh7 25.Rxf3 Nxe4 26.Kb2 Rh1 27.Ne2 Re1 28.Nc1 Kd6 29.Nd3 Rg1
30.Nf2 Nc3  0-1

[Event "16th Venetian Chess Autumn"]
[Site "Venice ITA"]
[Date "2010.10.30"]
[Round "1.12"]
[White "Marson,L"]
[Black "Vianello,E"]
[Result "1-0"]
[WhiteElo "1908"]
[BlackElo "2181"]

1.e4 d6 2.d4 Nf6 3.Nc3 Nbd7 4.Nf3 e5 5.Bc4 Be7 6.O-O O-O 7.Qe2 c6 8.a4 h6
9.Be3 Qc7 10.Bb3 exd4 11.Bxd4 Ne5 12.Nxe5 dxe5 13.Be3 b6 14.f3 Nd7 15.Rfd1 Nc5
16.Bc4 Ne6 17.Qf2 Rb8 18.Kh1 Bg5 19.Bxg5 hxg5 20.Rd2 a6 21.Rad1 b5 22.axb5 axb5
23.Bxe6 Bxe6 24.b3 Rfd8 25.Qc5 f6 26.h3 Rxd2 27.Rxd2 Qb6 28.Qxb6 Rxb6 29.Rd6 Kf7
30.Nd5 Ra6 31.Nc7 Ra1+ 32.Kh2 Ke7 33.Rxc6 Bd7 34.Rc3 Kd6 35.Nd5 f5 36.Ne3 fxe4
37.fxe4 Bc6 38.Nf5+ Kd7 39.Rd3+ Kc7 40.Rc3 Kb6 41.Nxg7 Bxe4 42.Ne6 g4 43.hxg4 Ra2
44.Nc5 Bxc2 45.Nd7+ Ka5 46.Nxe5 Kb4 47.Rg3 Bxb3 48.Nd3+ Kc4 49.Nc1 Ra8 50.Nxb3 Rh8+
51.Rh3 Rc8 52.Nd2+ Kd4 53.Kg3 b4 54.Rh5 Kd3 55.Rd5+ Kc2 56.g5 b3 57.Kg4 b2
58.Kf5  1-0

[Event "14th OIBM"]
[Site "Bad Wiessee GER"]
[Date "2010.10.31"]
[Round "3.39"]
[White "Mons,L"]
[Black "Solomon,K"]
[Result "1/2-1/2"]
[WhiteElo "2178"]
[BlackElo "2394"]

1.e4 d6 2.d4 Nf6 3.Nc3 e5 4.dxe5 dxe5 5.Qxd8+ Kxd8 6.Nf3 Bd6 7.Nd2 Nc6 8.Nc4 Be6
9.Nxd6 cxd6 10.Bg5 Ke7 11.O-O-O Rac8 12.Kb1 Nd4 13.f4 Kf8 14.f5 Bd7 15.Be3 Bc6
16.Bxd4 exd4 17.Rxd4 Ke7 18.Bc4 Rhd8 19.Rhd1 Ng4 20.Nd5+ Bxd5 21.Bxd5 Rc7
22.c3 h5 23.R1d3 Ne5 24.Rh3 g6 25.Rd1 Kf6 26.Rf1 Kg5 27.Rg3+ Kh6 28.fxg6 fxg6
29.Re3 Ng4 30.Rg3 Kg7 31.h3 Ne5 32.Re3 b6 33.Re2 Rf8 34.Rxf8 Kxf8 35.Kc2 Ke7
36.Rf2 Rc8 37.Kd2 Rh8 38.Ke3 Rc8 39.Kd4 Rh8 40.b4 h4 41.c4 Rh5 42.Rf1 Rg5
43.c5 dxc5+ 44.bxc5 bxc5+ 45.Kxc5 Rxg2 46.Kd4 Rg5 47.a4 Nd7 48.Rf7+ Kd6 49.a5 a6
50.e5+ Nxe5 51.Rf6+ Kc7 52.Rxa6 Nd3 53.Ra7+ Kd6 54.Bf3 Ne5 55.Ra6+ Kc7 56.Be4 Nd7
57.Ra7+ Kd6  1/2-1/2

[Event "14th OIBM"]
[Site "Bad Wiessee GER"]
[Date "2010.10.31"]
[Round "3.7"]
[White "Khenkin,I"]
[Black "Lorscheid,G"]
[Result "1-0"]
[WhiteElo "2614"]
[BlackElo "2287"]

1.d4 d6 2.e4 Nf6 3.Nc3 e5 4.dxe5 dxe5 5.Qxd8+ Kxd8 6.Bg5 Be6 7.g3 Kc8 8.f4 Bb4
9.Bd3 Na6 10.Ne2 Nc5 11.O-O Ng4 12.f5 Bd7 13.Nd5 Nxd3 14.cxd3 Bc5+ 15.Kg2 h6
16.Bd2 Bc6 17.Rac1 Bf8 18.f6 Bxd5 19.fxg7 Bxg7 20.exd5 Nf6 21.Nc3 Rd8 22.Ne4 Nxd5
23.Rxf7 Bf8 24.Rcf1 Be7 25.R1f5  1-0

[Event "16th Venetian Chess Autumn"]
[Site "Venice ITA"]
[Date "2010.10.31"]
[Round "3.4"]
[White "Guerra,A"]
[Black "Bianchi,An"]
[Result "1-0"]
[WhiteElo "2236"]
[BlackElo "2148"]

1.e4 d6 2.d4 Nf6 3.Nc3 e5 4.Nf3 Nbd7 5.Bc4 Be7 6.dxe5 Nxe5 7.Nxe5 dxe5 8.Qe2 c6
9.a4 O-O 10.O-O b6 11.Bg5 Nd7 12.Be3 Bc5 13.Rad1 Bxe3 14.Qxe3 Qe7 15.Rd2 a6
16.Rfd1 b5 17.Bf1 b4 18.Ne2 Nc5 19.b3 Ra7 20.Rd6 Ne6 21.Rxc6 Rd7 22.Rxd7 Qxd7
23.Qb6 Rd8 24.Nc1 Qd4 25.Nd3 Qxb6 26.Rxb6 a5 27.Nxe5 Kf8 28.Nc6 Rd6 29.e5  1-0

[Event "14th OIBM"]
[Site "Bad Wiessee GER"]
[Date "2010.11.01"]
[Round "4.44"]
[White "Seyb,A"]
[Black "Krauss,Jo"]
[Result "1-0"]
[WhiteElo "2294"]
[BlackElo "2105"]

1.e4 d6 2.d4 Nf6 3.Nc3 e5 4.dxe5 dxe5 5.Qxd8+ Kxd8 6.Bg5 Be6 7.O-O-O+ Nd7
8.f4 exf4 9.Nf3 Kc8 10.Bxf4 Bb4 11.Nd5 Ba5 12.Ng5 Ng4 13.Nxe6 fxe6 14.Ne7+ Kd8
15.Bb5 Nf6 16.Bg5 c6 17.Bxf6 cxb5 18.Ng6+ gxf6 19.Nxh8 Ke7 20.Nf7 Bc7 21.e5 Nxe5
22.Nxe5 Bxe5 23.Rd3 Rc8 24.Rh3 h6 25.Kb1 Bf4 26.Rf1 e5 27.Rb3 Bxh2 28.Rxb5 b6
29.a4 Ke6 30.a5 Rc6 31.axb6 axb6 32.c3 f5 33.Kc2 Bf4 34.Rd1 h5 35.Rh1 Rd6
36.Rxh5 Rd2+ 37.Kb3 Be3 38.g4 Bc5 39.gxf5+ Kf6 40.Kc4 e4 41.b4 Bf2 42.Rh6+ Kf7
43.Re6  1-0

[Event "VII Open"]
[Site "Figueira da Foz POR"]
[Date "2010.11.01"]
[Round "2.3"]
[White "Kasparova,T"]
[Black "Paunovic,D"]
[Result "1/2-1/2"]
[WhiteElo "2187"]
[BlackElo "2559"]

1.e4 d6 2.d4 Nf6 3.Nc3 Nbd7 4.g3 e5 5.Nge2 Be7 6.Bg2 O-O 7.O-O c6 8.a4 Re8
9.h3 Bf8 10.Be3 exd4 11.Bxd4 Nc5 12.f3 Be6 13.b3 g6 14.Qd2 d5 15.e5 Nfd7
16.f4 Bf5 17.g4 Be4 18.Nxe4 Nxe4 19.Bxe4 dxe4 20.Ng3 Nc5 21.Rad1 Qe7 22.Qc3  1/2-1/2

[Event "20th World Seniors"]
[Site "Arco ITA"]
[Date "2010.11.02"]
[Round "7"]
[White "Tseshkovsky,V"]
[Black "Plachetka,J"]
[Result "1-0"]
[WhiteElo "2564"]
[BlackElo "2345"]

1.e4 d6 2.d4 Nf6 3.Nc3 e5 4.Nf3 Nbd7 5.Bc4 Be7 6.O-O O-O 7.Re1 c6 8.a4 b6
9.h3 a6 10.Bg5 Qc7 11.Ba2 Rb8 12.Bh4 b5 13.Bg3 g6 14.axb5 axb5 15.b4 Nh5
16.Bh2 Bf6 17.Qd2 Ng7 18.Rad1 Ne6 19.d5 Nd4 20.Nxd4 exd4 21.dxc6 dxc3 22.Qxd6 Qxd6
23.Bxd6 Ra8 24.cxd7 Bxd7 25.Bxf8 Rxa2 26.Bh6 Be8 27.Ra1 Ra4 28.Rxa4 bxa4
29.b5 a3 30.b6 Bc6 31.Ra1 Be7 32.Bc1 Bc5 33.Bxa3 Bxb6 34.Bb4 Bxe4 35.Ra6 Bd4
36.Rd6 Be5 37.Rd8+ Kg7 38.Re8 f6 39.Re7+  1-0

[Event "14th OIBM"]
[Site "Bad Wiessee GER"]
[Date "2010.11.02"]
[Round "5.12"]
[White "Petrov,Marij"]
[Black "Solomon,K"]
[Result "1/2-1/2"]
[WhiteElo "2550"]
[BlackElo "2394"]

1.e4 d6 2.d4 Nf6 3.Nc3 e5 4.Nf3 Nbd7 5.Bc4 Be7 6.O-O O-O 7.Re1 a6 8.a4 b6
9.Bg5 Bb7 10.dxe5 Nxe5 11.Nxe5 dxe5 12.Qf3 c6 13.Rad1 Qc7 14.Ne2 b5 15.Ba2 Bc8
16.h3 h6 17.Bxf6 Bxf6 18.Ng3 bxa4 19.Qa3 Qb6 20.Nh5 Bh4 21.g3 Bd8 22.Qd6 Be6
23.Bxe6 fxe6 24.Qxe6+ Kh7 25.Re2 Ra7 26.Qxe5 Re7 27.Qd6 Qb5 28.Nf4 Rxf4 29.Qxf4 Qxe2
30.Rxd8 Qe1+ 31.Kh2 Qxe4 32.Qf8 Qe6 33.Qf3 Qe4 34.Qf8 Qe6 35.Qf3 Qe4  1/2-1/2

[Event "14th OIBM"]
[Site "Bad Wiessee GER"]
[Date "2010.11.02"]
[Round "5.19"]
[White "Zhigalko,A"]
[Black "Schaefer,Mi1"]
[Result "1-0"]
[WhiteElo "2580"]
[BlackElo "2215"]

1.e4 d6 2.d4 Nf6 3.Nc3 e5 4.Nf3 Nbd7 5.Bc4 Be7 6.O-O O-O 7.a4 c6 8.Re1 b6
9.b3 a6 10.Bb2 Bb7 11.Bd3 Re8 12.Ne2 Bf8 13.Ng3 g6 14.Qd2 Bg7 15.h3 Qc7 16.Rad1 Rad8
17.Qg5 h6 18.Qc1 Nh7 19.Bf1 Nhf8 20.Rd2 Ne6 21.Red1 Kh7 22.Bc4 exd4 23.Nxd4 Ng5
24.Ndf5 gxf5 25.Bxg7 d5 26.exd5 cxd5 27.Bxd5 Bxd5 28.Rxd5 Kxg7 29.h4 Nf6
30.Rxd8 Rxd8 31.hxg5 Rxd1+ 32.Qxd1 hxg5 33.Nxf5+ Kg6 34.Qd3 Qe5 35.Ne3+ Kg7
36.Qf5 Qa1+ 37.Kh2 Nh7 38.Nc4 f6 39.Nxb6 Nf8 40.Nd5 Qd4 41.c3  1-0

[Event "Chigorin Mem Classic Open"]
[Site "St Petersburg RUS"]
[Date "2010.11.02"]
[Round "6"]
[White "Mokshanov,A"]
[Black "Ushenina,A"]
[Result "0-1"]
[WhiteElo "2271"]
[BlackElo "2466"]

1.e4 d6 2.d4 Nf6 3.Nc3 e5 4.Nf3 Nbd7 5.Be2 Be7 6.O-O O-O 7.Re1 a6 8.a4 b6
9.b3 Bb7 10.Bc4 c6 11.Bb2 Qc7 12.Bf1 Rfe8 13.g3 Bf8 14.Bg2 Rad8 15.Qd2 b5
16.axb5 axb5 17.h3 g6 18.Kh2 b4 19.Na4 exd4 20.Nxd4 c5 21.Nb5 Qb8 22.Rad1 Nxe4
23.Bxe4 Bxe4 24.Nxd6 Bxd6 25.Qxd6 Ne5 26.Bxe5 Rxd6 27.Bxd6 Qc8 28.Nxc5 Bf3
29.Ra1 Rd8 30.Be7 Rd2 31.Rf1 Rxc2 32.Nd3 Qd7 33.Ne5 Qxe7 34.Nxf3 Qe3 35.Kg2 Qxb3
36.Rfe1 Qb2 37.Ra8+ Kg7 38.Rf1 b3 39.Ra7 Qf6 40.Rb7 b2 41.Rb1 Rc3  0-1

[Event "TCh-CHN"]
[Site "Beijing CHN"]
[Date "2010.11.03"]
[Round "17"]
[White "Wang Yu A"]
[Black "Zhang Jilin"]
[Result "1/2-1/2"]
[WhiteElo "2335"]
[BlackElo "2281"]

1.e4 d6 2.d4 Nf6 3.Nc3 e5 4.Nf3 Nbd7 5.g3 c6 6.Bg2 Be7 7.O-O O-O 8.a4 b6
9.Re1 Bb7 10.b3 Re8 11.Bb2 Qc7 12.Qd2 a6 13.Rad1 b5 14.Qc1 Bf8 15.Qa1 c5
16.dxe5 dxe5 17.Nd5 Bxd5 18.exd5 Bd6 19.Re2 c4 20.Rde1 Bb4 21.Rd1 Bd6 22.Rde1 Bb4
23.Rd1  1/2-1/2

[Event "Chigorin Mem Classic Open"]
[Site "St Petersburg RUS"]
[Date "2010.11.03"]
[Round "7"]
[White "Popelyshev,I"]
[Black "Turikov,V"]
[Result "1-0"]
[WhiteElo "2047"]
[BlackElo "2308"]

1.e4 d6 2.d4 Nf6 3.Nc3 c6 4.Nf3 Bg4 5.h3 Bh5 6.Qe2 e6 7.g4 Bg6 8.g5 Nfd7
9.Bf4 Be7 10.O-O-O Bh5 11.h4 b5 12.Qe3 Nb6 13.b3 O-O 14.Ne2 a5 15.Ng3 Bxf3
16.Qxf3 d5 17.Bd3 a4 18.Kd2 N8d7 19.e5 c5 20.Nh5 c4 21.Nf6+ Nxf6 22.gxf6 cxd3
23.Rdg1 Bxf6 24.exf6 Qxf6 25.Be5 Qxf3 26.Rxg7+ Kh8 27.Rxf7+ Kg8 28.Rg7+ Kh8
29.Rg6+ Rf6 30.Bxf6+ Qxf6 31.Rxf6 axb3 32.axb3 dxc2 33.Rxe6 Nd7 34.Rd6  1-0

[Event "14th OIBM"]
[Site "Bad Wiessee GER"]
[Date "2010.11.04"]
[Round "7.41"]
[White "Astengo,C"]
[Black "Lorscheid,G"]
[Result "1/2-1/2"]
[WhiteElo "2150"]
[BlackElo "2287"]

1.e4 d6 2.d4 Nf6 3.Nc3 e5 4.Nf3 Nbd7 5.Bc4 Be7 6.O-O O-O 7.Re1 a6 8.a4 b6
9.h3 c6 10.d5 c5 11.Be3 Ne8 12.Bf1 g6 13.Bh6 Ng7 14.Nd2 Bg5 15.Bxg5 Qxg5
16.Nc4 Ne8 17.Ra3 f5 18.exf5 gxf5 19.Ne4 Qe7 20.Ng5 Rf6 21.Ne6 Kh8 22.Rg3 Bb7
23.Qd2 Rc8 24.Qg5 Qf7 25.Qh4 Bxd5 26.Nxd6 Nxd6 27.Rg7 Qxg7 28.Nxg7 Kxg7 29.Rd1 Bf7
30.Bxa6 Rc7 31.Qg5+ Rg6 32.Qe7 Re6 33.Qg5+ Rg6 34.Qe7 Re6 35.Qg5+  1/2-1/2

[Event "Magistral Barcelona"]
[Site "Barcelona ESP"]
[Date "2010.11.04"]
[Round "1"]
[White "Magem Badals,J"]
[Black "Cuartas,Ja"]
[Result "1/2-1/2"]
[WhiteElo "2593"]
[BlackElo "2534"]

1.e4 d6 2.d4 Nf6 3.Nc3 e5 4.Nf3 Nbd7 5.Bc4 Be7 6.O-O O-O 7.Re1 c6 8.a4 b6
9.Ba2 h6 10.Qd3 Qc7 11.Bd2 a6 12.b4 exd4 13.Nxd4 Ne5 14.Qe2 c5 15.bxc5 Qxc5
16.Nf5 Bxf5 17.exf5 Rfe8 18.Rab1 Bf8 19.Qe3 d5 20.Nxd5 Nxd5 21.Qxc5 Bxc5
22.Bxd5 Rad8 23.c4 Ng4 24.Be3 Nxe3 25.fxe3 Rxe3 26.Rxe3 Bxe3+ 27.Kf1 a5 28.Rd1 Kf8
29.Bf3 Rxd1+ 30.Bxd1 Ke7 31.Bh5 Kf6 32.Ke2 Bg1 33.h3 Kxf5 34.Bxf7 Ke4 35.Be8 Kf4
36.Bc6 Bc5 37.Bd5 Kg3 38.Bc6 h5 39.Bd5 g5 40.Bf3 g4 41.hxg4 hxg4 42.Bc6  1/2-1/2

[Event "Chigorin Mem Classic Open"]
[Site "St Petersburg RUS"]
[Date "2010.11.04"]
[Round "8"]
[White "Vakhlamov,I"]
[Black "Vorotnikov,V1"]
[Result "1/2-1/2"]
[WhiteElo "2287"]
[BlackElo "2428"]

1.e4 d6 2.d4 Nf6 3.Nc3 c6 4.Nf3 Bg4 5.h3 Bxf3 6.Qxf3 e6 7.Bd3 d5 8.Be3 Be7
9.O-O O-O 10.e5 Ne8 11.Ne2 c5 12.c3 cxd4 13.Nxd4 Nc6 14.Qg3 g6 15.f4 Ng7
16.Qf2 Qd7 17.Rae1 f6 18.exf6 Bxf6 19.Nf3 Rf7 20.Kh1 Raf8 21.g4 Bd8 22.Qg3 Rf6
23.Ne5 Nxe5 24.fxe5 Rxf1+ 25.Rxf1 Rxf1+ 26.Bxf1 Qa4 27.Qf4 Qxf4 28.Bxf4 Ne8
29.Kg2 Bc7 30.Kf3 Kf7 31.c4 dxc4 32.Bxc4 Bd8 33.Ke4 Nc7 34.Be3 b5 35.Bb3 a6
36.Bb6 g5 37.Kd4 Ke7 38.Bc5+ Kd7 39.Bd6 Na8 40.Bc2 Bb6+ 41.Bc5 Bd8 42.Bxh7 Nb6
43.b3 Nd5 44.Be4 Nf4 45.Bb7 a5 46.Ke4 Nxh3 47.Ba6 Kc6 48.Be3  1/2-1/2

[Event "Chigorin Mem Classic Open"]
[Site "St Petersburg RUS"]
[Date "2010.11.04"]
[Round "8"]
[White "Vlassow,V"]
[Black "Dzhumaev,M"]
[Result "1-0"]
[WhiteElo "2359"]
[BlackElo "2487"]

1.e4 d6 2.d4 Nf6 3.Nc3 c6 4.f4 Qa5 5.Bd3 e5 6.Nf3 Bg4 7.Be3 Nbd7 8.h3 Bxf3
9.Qxf3 Be7 10.O-O O-O 11.Ne2 c5 12.dxe5 dxe5 13.Ng3 Bd6 14.Nf5 exf4 15.Nxd6 fxe3
16.Qxe3 Ne5 17.Rxf6 Qd8 18.Raf1 gxf6 19.Nf5 Kh8 20.Be2 c4 21.Qh6 Rg8 22.Bh5 Ng6
23.Kh1 Qe8 24.Rf4 Qf8 25.Bxg6 Qxh6 26.Nxh6 Rxg6 27.Nxf7+ Kg8 28.Nd6 b5 29.Nf5 Re8
30.Kg1 Re6 31.Kf2 Kf7 32.Rh4 Kg8 33.Rf4 Kh8 34.c3 Rg8 35.Nd4 Rb6 36.a3 a5
37.g4 b4 38.axb4 axb4 39.Rf5 Ra8 40.Rc5 b3 41.Nf5 Kg8 42.Ne3 Rbb8 43.Nxc4 Rc8
44.Rxc8+ Rxc8 45.Nd2 Rb8 46.Ke3 Kf7 47.c4 Ke6 48.Kd4 Rd8+ 49.Kc3 Ke5 50.c5 Kf4
51.Nxb3 Kxe4 52.Kc4 Ke5 53.Na5 Ke6 54.b4 Ra8 55.Nc6 Kd7 56.Nd4 Ra1 57.b5 Kc7
58.Kd5 Rd1 59.h4 Kb7 60.h5 Kc7 61.h6 Kb7 62.Ke4 Rc1 63.Nb3 Rb1 64.Na5+ Ka7
65.b6+ Ka6 66.Nc4 Kb7 67.Kd5 Rd1+ 68.Ke6 Kc6 69.Nd6 Kxc5 70.Ne4+ Kxb6 71.Nxf6 Kc7
72.g5 Kd8 73.Kf7 Rf1 74.Kg7 Ke7 75.Kxh7 Rg1 76.Kg6 Kf8 77.h7 Rh1 78.Nh5 Rxh5
79.Kxh5 Kg7 80.h8=Q+  1-0

[Event "Chigorin Mem Classic Open"]
[Site "St Petersburg RUS"]
[Date "2010.11.04"]
[Round "8"]
[White "Ryzhkov,Vj"]
[Black "Saveliev,Alexei"]
[Result "0-1"]
[WhiteElo "2104"]
[BlackElo "2000"]

1.e4 d6 2.d4 Nf6 3.Nc3 e5 4.Nge2 Nbd7 5.g3 Be7 6.Bg2 c6 7.a4 b6 8.h3 Bb7
9.O-O a6 10.g4 O-O 11.Be3 b5 12.Ng3 b4 13.Nce2 d5 14.dxe5 Nxe5 15.Bd4 Ng6
16.e5 Ne8 17.f4 Nh4 18.Bh1 c5 19.Bf2 f5 20.g5 Rb8 21.Qd3 Nc7 22.Rfd1 Qc8
23.Nf1 Ng6 24.c3 bxc3 25.bxc3 Rf7 26.Ne3 Bxg5 27.fxg5 Nxe5 28.Qc2 f4 29.Ng4 Nxg4
30.hxg4 Qxg4+ 31.Kf1 f3 32.Ng3 Ne6 33.Rab1 Rbf8 34.Rb6 d4 35.Rdb1 Bd5 36.c4 d3
37.Qd2 Bxc4 38.Rc1 Nxg5 39.Rd6 Nh3 40.Bxc5 Qxg3 41.Rxc4 f2 42.Bg2 Qh2  0-1

[Event "TCh-CZE 2010-11"]
[Site "Frydek Mistek CZE"]
[Date "2010.11.05"]
[Round "5.2"]
[White "Stefansson,H"]
[Black "Rogozenco,D"]
[Result "1/2-1/2"]
[WhiteElo "2573"]
[BlackElo "2534"]

1.e4 d6 2.d4 Nf6 3.Nc3 e5 4.Nf3 Nbd7 5.Bc4 Be7 6.O-O O-O 7.Re1 c6 8.a4 a5
9.b3 Nb6 10.Bd3 Bg4 11.dxe5 dxe5 12.h3 Bxf3 13.Qxf3 Bb4 14.Bb2 Nfd7 15.Red1  1/2-1/2

[Event "49th TCh-DEN XtraCon 2010-11"]
[Site "Denmark DEN"]
[Date "2010.11.06"]
[Round "1.4"]
[White "Aabling Thomsen,J"]
[Black "Shaw,J"]
[Result "1-0"]
[WhiteElo "2330"]
[BlackElo "2439"]

1.e4 d6 2.d4 Nf6 3.Nc3 e5 4.Nf3 Nbd7 5.g4 h6 6.g5 hxg5 7.Bxg5 Be7 8.Bc4 c6
9.Qe2 exd4 10.Nxd4 Ne5 11.O-O-O Nxc4 12.Qxc4 Ng4 13.Bxe7 Qxe7 14.Nxc6 Qg5+
15.Kb1 Be6 16.Nd5 Rc8 17.Qb5 Kf8 18.Qxb7 Nxf2 19.Rhg1 Qh4 20.Rdf1 g6 21.Nd4 Bg4
22.Rxg4 Qxg4 23.Qe7+ Kg7 24.Qf6+ Kh6 25.Ne3 Qg5 26.Nef5+ Kh5 27.Ng7+ Kh6
28.Ndf5+  1-0

[Event "VII Open"]
[Site "Figueira da Foz POR"]
[Date "2010.11.06"]
[Round "8.21"]
[White "Pinto,PedroM"]
[Black "Redondo Arguelles,Gr"]
[Result "0-1"]
[WhiteElo "1892"]
[BlackElo "2103"]

1.d4 d6 2.e4 Nf6 3.Nc3 Nbd7 4.Be2 e5 5.Be3 Be7 6.h3 c6 7.Nf3 O-O 8.O-O Re8
9.Nh4 Bf8 10.Nf5 Qc7 11.f4 exd4 12.Qxd4 Nc5 13.Ng3 Ncxe4 14.Ncxe4 Nxe4 15.Nxe4 Qe7
16.Rae1 Qxe4 17.Qxe4 Rxe4 18.Bd3 Re7 19.f5 f6 20.Bd4 Bd7 21.Kf2 d5 22.Rxe7 Bxe7
23.g4 Bd6 24.Re1 c5 25.Bc3 Re8 26.Rxe8+ Bxe8 27.Bf1 Be5 28.h4 Kf7 29.Bg2 Bc6
30.Bxe5 fxe5 31.g5 e4 32.b4 cxb4 33.Ke3 Bd7 34.Kf4 Ba4 35.Ke5 Bxc2 36.Kxd5 e3  0-1

[Event "TCh-CZE 2010-11"]
[Site "Frydek Mistek CZE"]
[Date "2010.11.06"]
[Round "1.4"]
[White "Tazbir,M"]
[Black "Neuman,P"]
[Result "1/2-1/2"]
[WhiteElo "2527"]
[BlackElo "2476"]

1.e4 d6 2.d4 Nf6 3.Nc3 e5 4.Nf3 Nbd7 5.g3 c6 6.Bg2 b5 7.a3 Bb7 8.O-O a6 9.b3 Qc7
10.Bb2 Be7 11.Qd2 O-O 12.Rfe1 Rfe8 13.Rad1 Bf8 14.Re2 Rad8 15.Qe1 g6 16.dxe5 dxe5
17.Na2 Nh5 18.Bh3 f6 19.Bc3 Nc5 20.Rxd8 Qxd8 21.Ba5 Qb8 22.b4 Ne6 23.Rd2 Bc8
24.Bf1 Be7 25.Qd1 Nhg7 26.c4 Qb7 27.Nc3 Nf8 28.cxb5 axb5 29.a4 bxa4 30.Nxa4 Bg4
31.h3 Bxf3 32.Qxf3 Nge6 33.Qc3 Kh8 34.Rd1 Rb8 35.h4 Bxb4 36.Bxb4 Qxb4 37.Qxc6 Qb7
38.Qxb7 Rxb7 39.Nc3 Nd4 40.Nd5 Kg7 41.Bc4 Nd7 42.Ne3 Rc7 43.Kg2 Nb6 44.Bf1 Na4
45.Nd5 Rd7 46.Rc1 f5 47.Bd3 Nb3 48.Rc8 fxe4 49.Bc4 Nd4 50.Ne3 h5 51.Rg8+ Kh7
52.Re8 Nb2 53.Rxe5 Nf3 54.Rxe4 Nd2 55.Bb5 Nxe4 56.Bxd7 Nd3 57.Bb5 Ne5 58.f3 Nf6
59.Kf2 Kg7 60.Ke2 Ng8 61.Nd5 Nh6 62.Ne3 Kf6 63.f4 Neg4 64.Nd5+ Kg7 65.Bd3 Kf7
66.Nc3 Nf6 67.Ke3 Nf5+ 68.Kf2 Ke6 69.Bc4+ Ke7 70.Ba2 Ng4+ 71.Kg2 Nf6 72.Ne2 Kf8
73.Bb1 Kf7 74.Ng1 Nd4 75.Nf3 Nxf3 76.Kxf3 Ng4 77.f5 gxf5 78.Bxf5 Nh6 79.Kf4 Kf6
80.Be4 Nf7 81.Bf3 Kg6 82.Bd5 Nh6 83.Ke5 Ng4+ 84.Ke6 Ne3 85.Be4+ Kh6 86.Bd3 Ng4
87.Kf5 Ne3+ 88.Ke4 Ng4 89.Be2 Nf2+ 90.Ke3 Nh1 91.Kf3 Nxg3  1/2-1/2

[Event "TCh-CZE 2010-11"]
[Site "Frydek Mistek CZE"]
[Date "2010.11.06"]
[Round "1.2"]
[White "Petr,Ma"]
[Black "Rogozenco,D"]
[Result "1/2-1/2"]
[WhiteElo "2462"]
[BlackElo "2534"]

1.e4 d6 2.d4 Nf6 3.Nc3 e5 4.dxe5 dxe5 5.Qxd8+ Kxd8 6.Bc4 Ke8 7.Nf3 Bd6 8.Be3 a6
9.O-O-O Nbd7 10.a4 h6 11.h3 Nf8 12.Rd3 Ng6 13.Rhd1 Bd7 14.a5 Rd8 15.Nd5 Nxd5
16.Bxd5 Bc8 17.h4 f6 18.h5 Ne7 19.Nh4 Nxd5 20.Rxd5 Be6 21.R5d2 Be7 22.Ng6 Rxd2
23.Rxd2 Rg8 24.Nxe7 Kxe7 25.f3 g6 26.hxg6 h5 27.f4 exf4 28.Bxf4 c6 29.e5 Rxg6
30.exf6+ Kxf6 31.g3  1/2-1/2

[Event "Frauenbundesliga 1st Div 2010-11"]
[Site "Germany GER"]
[Date "2010.11.06"]
[Round "1.2"]
[White "Madl,I"]
[Black "Stojanovic,Andj"]
[Result "1/2-1/2"]
[WhiteElo "2400"]
[BlackElo "2318"]

1.e4 d6 2.d4 Nf6 3.Nc3 e5 4.Nf3 Nbd7 5.Bc4 Be7 6.O-O O-O 7.a4 a5 8.h3 c6
9.Ba2 Qe8 10.Re1 Bd8 11.Be3 Qe7 12.Qd2 exd4 13.Bxd4 Ne5 14.Qe3 Nxf3+ 15.Qxf3 Bc7
16.Rad1 Re8 17.Re3 Be6 18.Nd5 cxd5 19.exd5 Nxd5 20.Bxd5 Bxd5 21.Qxd5 Qd7
22.Bxg7 Rxe3 23.Qg5 Qe6 24.Bf6+ Kf8 25.fxe3 Ra6 26.Rf1 Rc6 27.Qg7+ Ke8 28.Bg5 Qg6
29.Qh8+ Kd7 30.Qf6 Qxf6 31.Rxf6 Ke8 32.Rf2 d5 33.Rd2 f6 34.Bh6 Kf7 35.Rxd5 Rxc2
36.Bf4 Bxf4 37.exf4 Rxb2 38.Rxa5 Rb4 39.f5 Kg7 40.Kf2 Kh6 41.Rb5 Rxa4 42.Rxb7  1/2-1/2

[Event "Frauenbundesliga 1st Div 2010-11"]
[Site "Germany GER"]
[Date "2010.11.06"]
[Round "1.2"]
[White "Jelica,M"]
[Black "Kochetkova,J"]
[Result "0-1"]
[WhiteElo "2223"]
[BlackElo "2311"]

1.e4 d6 2.d4 Nf6 3.Nc3 e5 4.dxe5 dxe5 5.Qxd8+ Kxd8 6.Nf3 Bd6 7.Bc4 Ke8 8.O-O a6
9.Ng5 Rf8 10.Be3 Nc6 11.Rac1 h6 12.Nf3 Ng4 13.Bd2 Nd4 14.Nxd4 exd4 15.Nd5 Bxh2+
16.Kh1 Bd6 17.f4 f6 18.Be2 Kd8 19.c3 Re8 20.Bf3 Be6 21.c4 Bxd5 22.cxd5 Ne3
23.Bxe3 dxe3 24.g3 h5 25.Kg2 h4 26.gxh4 Bxf4 27.Rc4 Be5 28.b3 Ke7 29.Bg4 g6
30.Kf3 Rh8 31.Rh1 Rh6 32.h5 gxh5 33.Rxh5 Rxh5 34.Bxh5 Rh8 35.Bg4 Rh2 36.Kxe3 Rxa2
37.Bd1 Kd6 38.Rb4 b5 39.Be2 Kc5  0-1

[Event "TCh-SUI 2010"]
[Site "Switzerland SUI"]
[Date "2010.11.06"]
[Round "8.6"]
[White "Brunner,L"]
[Black "Schmidt Schaeffer,S"]
[Result "1/2-1/2"]
[WhiteElo "2444"]
[BlackElo "2393"]

1.e4 d6 2.d4 Nf6 3.Nc3 Nbd7 4.g3 e5 5.Nge2 b5 6.Bg2 c6 7.O-O b4 8.Nb1 c5
9.dxe5 dxe5 10.Nd2 Bb7 11.c3 Be7 12.Qc2 O-O 13.Nc4 Qc7 14.Bg5 h6 15.Bxf6 Nxf6
16.Rfe1 Rfd8 17.Rad1 Ba6 18.Ne3 Qa5 19.b3 Rxd1 20.Rxd1 Rd8 21.Rxd8+ Qxd8
22.c4 Qd7 23.h3 g6 24.Kh2 h5 25.Ng1 Bb7 26.Nd5 Nxd5 27.cxd5 Qb5 28.Nf3 Bd6
29.Kg1 Ba6 30.Nd2 Qe2 31.Qc1 Qd3 32.Bf1 Qc3 33.Qd1 Bxf1 34.Kxf1 Kf8 35.Nc4 Ke7
36.Kg2 Kd7 37.Qf3 Qxf3+ 38.Kxf3 f6 39.Ke3 Bf8 40.f4 Bh6 41.Kf3 Bg7 42.g4 hxg4+
43.Kxg4 exf4 44.Kxf4 Bh6+ 45.Kg4 a6 46.h4 Ke7 47.h5 gxh5+ 48.Kxh5 Bf4 49.Kg4 Be5
50.a3 bxa3 51.Nxa3 Bc3 52.Nc4 Kd7 53.Kf4 Ke7 54.Ke3 Bd4+ 55.Kd3 Bf2 56.Na5 Kd6
57.Nc4+ Kd7 58.e5 fxe5 59.Nxe5+ Kd6 60.Ng4 Bg1 61.Kc4 Ke7 62.Ne5 Kd6 63.Nf7+ Kc7
64.Ng5 Be3 65.Ne4 Kb6 66.Nf6 Kc7 67.Nh5 Kd6 68.Ng3 Ke5 69.Ne2 Kd6 70.Nc3 Kc7
71.Kd3 Bg1 72.Ke4 Kd6 73.Na4 Bh2 74.Nb6 Kc7 75.Nc4 Bg3 76.Kd3 Bh2 77.Nd2 Bg1
78.Ne4 Kb6 79.Kc4 Be3 80.Ng3 Bf2 81.Nf5 Kc7 82.Kd3 Kd7 83.Kc3 Kc7 84.Kd3 Kd7
85.Ke4 Bg1  1/2-1/2

[Event "TCh-BEL 2010-11"]
[Site "Belgium BEL"]
[Date "2010.11.07"]
[Round "3.5"]
[White "Laurent,B"]
[Black "Vandenbussche,T"]
[Result "1/2-1/2"]
[WhiteElo "2336"]
[BlackElo "2333"]

1.e4 d6 2.d4 Nf6 3.Nc3 e5 4.Nf3 Nbd7 5.g4 Nxg4 6.Rg1 Ngf6 7.Bc4 exd4 8.Qxd4 c6
9.Bf4 Qb6 10.Qd2 Qb4 11.Bb3 Nc5 12.O-O-O Nxb3+ 13.axb3 Be6 14.Bxd6 Bxd6 15.Qxd6 Qxd6
16.Rxd6 Ke7 17.Rd2 g6 18.Nd4 Rad8 19.b4 Nh5 20.b3 Nf4 21.b5 c5 22.Nde2 Nh3
23.Rf1 Rxd2 24.Kxd2 g5 25.Ke3 f5 26.f4 Nxf4 27.Nxf4 gxf4+ 28.Rxf4 fxe4 29.Rxe4 Kd7
30.Re5 b6 31.Ne4 Bf7 32.h4 Bg6 33.h5 Bxe4 34.Kxe4 Kd6 35.Rg5 Re8+ 36.Kd3 Re5
37.Rg7 Rxh5 38.Rxa7 Rh3+ 39.Ke4  1/2-1/2

[Event "Russia Cup Final KO"]
[Site "Belgorod RUS"]
[Date "2010.11.07"]
[Round "1.1"]
[White "Andriasian,Z"]
[Black "Ponkratov,P"]
[Result "1-0"]
[WhiteElo "2585"]
[BlackElo "2585"]

1.e4 d6 2.d4 Nf6 3.Nc3 e5 4.Nf3 Nbd7 5.Bc4 Be7 6.O-O c6 7.a4 O-O 8.Re1 a5
9.h3 Re8 10.Ba2 Qc7 11.Be3 exd4 12.Bxd4 Ne5 13.Ng5 h6 14.Bxe5 hxg5 15.Bg3 Qb6
16.Bxd6 Qxb2 17.Bxe7 Rxe7 18.Qd8+ Re8 19.Qd3 Qb4 20.e5 Nh5 21.Ne4 Nf4 22.Bxf7+ Kf8
23.Qd1 Kxf7 24.Nd6+ Ke7 25.Rb1 Qc3 26.Re3 Qc5 27.Nxc8+ Kf8 28.Nb6  1-0